LEADER 00884nam0-22003131i-450- 001 990007518670403321 005 20060119122225.0 035 $a000751867 035 $aFED01000751867 035 $a(Aleph)000751867FED01 035 $a000751867 100 $a20030814d1925----km-y0itay50------ba 101 0 $ager 102 $aDE 105 $aa-------001yy 200 1 $aGenua und die beiden Rivieren von M. Horftel. 210 $aLeipzig$cVelhagen$d1925 215 $a188 p.$cin gran parte ill.$d25 cm 225 1 $aMonographien zur Erdkunde$v11 610 0 $aGenova 610 0 $aLiguria$aCoste 700 1$aHörstel,$bWilhelm$f<1865- >$0417631 801 0$aIT$bUNINA$gRICA$2UNIMARC 901 $aBK 912 $a990007518670403321 952 $aE-04-075$bIst.3465$fILFGE 959 $aILFGE 996 $aGenua und die beiden Rivieren von M. Horftel$9682897 997 $aUNINA LEADER 00857nam0-22002891i-450- 001 990002512960403321 010 $a0803946643 035 $a000251296 035 $aFED01000251296 035 $a(Aleph)000251296FED01 035 $a000251296 100 $a20000920d1993----km-y0itay50------ba 101 0 $aENG 200 1 $aNonparametric Measures of Association$fJean Dickinson Gibbons. 210 $aNewbury Park$cSage$d1993. 215 $aV, 96 p.$d22 cm 610 0 $aManuali generali di consultazione, Serie, Analisi dei dati categorizzati 676 $a300 700 1$aGibbons,$bJean Dickinson$f<1938- >$0102083 801 0$aIT$bUNINA$gRICA$2UNIMARC 901 $aBK 912 $a990002512960403321 952 $aXXIX-D-76$b2304$fMAS 959 $aMAS 996 $aNonparametric Measures of Association$9439777 997 $aUNINA DB $aING01